Terminus des lignes C1 à C26 de Lyon (TCL) - Statistiques

Statistiques générales
  • Ce quiz a été pris 142 fois
  • Le résultat moyen est 29 sur 56
Statistiques - réponses
Ligne Lieu de résidence Terminus % Correct
C20 Lyon 2e Bellecour
77%
C20E Lyon 2e Bellecour
77%
C8 Lyon 3e Grange Blanche
76%
C13 Lyon 3e Grange Blanche
76%
C26 Lyon 3e Grange Blanche
76%
C1 Caluire-et-Cuire Cuire
73%
C1 Lyon 3e Gare Part-Dieu Vivier-Merle
72%
C2 Lyon 3e Gare Part-Dieu Vivier-Merle
72%
C6 Lyon 3e Gare Part-Dieu Vivier-Merle
72%
C7 Lyon 3e Gare Part-Dieu Vivier-Merle
72%
C25 Lyon 3e Gare Part-Dieu Vivier-Merle
72%
C3 Lyon 5e Gare Saint-Paul
70%
C4 Lyon 7e Jean Macé
70%
C14 Lyon 7e Jean Macé
70%
C11 Villeurbanne Laurent Bonnevay
69%
C15 Villeurbanne Laurent Bonnevay
69%
C19 Lyon 2e Perrache
66%
C21 Lyon 2e Perrache
66%
C6E Lyon 9e Gare de Vaise
62%
C21 Lyon 9e Gorge de Loup
62%
C24 Lyon 9e Gorge de Loup
62%
C24E Lyon 9e Gorge de Loup
62%
C2 Rillieux-la-Pape Rillieux Semailles
61%
C5 Rillieux-la-Pape Rillieux Semailles / Vancia Château Bérard
61%
C5 Lyon 2e Cordeliers
52%
C11 Lyon 7e Saxe-Gambetta
52%
C19 Francheville Francheville Taffignon
49%
C20 Francheville Francheville Taffignon
49%
C3 Vaulx-en-Velin Vaulx-en-Velin La Grappinière
48%
C6 Écully Campus Lyon Ouest
47%
C6E Écully Campus Lyon Ouest
47%
C18 Lyon 1er Hôtel de Ville Louis Pradel
46%
C13 Caluire-et-Cuire Montessuy Gutenberg
46%
C12 Lyon 2e Bellecour Le Viste / Bellecour A. Poncet
45%
C16 Lyon 6e Charpennes Charles Hernu
45%
C17 Lyon 6e Charpennes Charles Hernu
45%
C10 Lyon 2e Bellecour Charité / Bellecour A. Poncet
44%
C14 Écully Les Sources
44%
C9 Bron Hôpitaux Est
42%
C15E Lyon 8e Mermoz-Pinel
41%
C16 Vénissieux Surville Route de Vienne
41%
C26 Villeurbanne Cité Internationale Transbordeur
40%
C12 Feyzin Hôpital Feyzin Vénissieux
40%
C17 Saint-Priest Porte des Alpes
39%
C24 Grézieu-la-Varenne / Craponne Gymnase E. Catalon / Craponne Val d’Yzeron
38%
C25 Saint-Priest / Mions Saint-Priest Plaine de Saythe / Sogaris - Promotrans
37%
C15 Lyon 8e Bachut - Mairie du 8ème
35%
C24E Grézieu-la-Varenne Gymnase E. Catalon
34%
C18 Lyon 4e Croix-Rousse Nord
33%
C20E Francheville Fort du Bruissin
32%
C7 Pierre-Bénite Hôpital Lyon Sud
32%
C8 Vaulx-en-Velin Vaulx-en-Velin Résistance
31%
C15E Bron Parilly Université Hippodrome
28%
C10 Saint-Genis-Laval Saint-Genis Barolles
28%
C9 Lyon 2e Bellecour A. Poncet
26%
C4 Lyon 6e Cité Internationale - Centre de Congrès
25%
Aucun quiz correspondant
Distribution des résultats
% des personnes avec chaque résultat
Percentile par nombre de réponses
Votre historique - résultats
Vous n’avez pas pris ce quiz